1114 1984 1994 1052 1864 1121 1951 1370 1662 1163 1214 1960 1144 1886 1849 1586 1367 1098 1155 1659 1538 1474 1898 1076 1938 1973 1163 1594 1127 1273 1700 1940 1429 1429 1188 1604 1868 1214 1923 1325 1530 1012 1228 1000 1087 1331 1133 1855 1309 1146 1371 1223 1829 1003 1729 1611 1625 1952 1230 1209 1225 1104 1812 1922 1243 1618 1818 1853 1280 1397 1185 1267 1632 1664 1171 1180 1414 1756 1244 1346 1745 1101 1806 1209 1811 1094 1615 1806 1581 1110 1342 1148 1575 1982 1581 1307 1292 1889 1362 BCNSPRNW ULIB Ver.6.0+V

เปลี่ยนเป็นภาษาไทย

Change to English
 แสดงรายละเอียดบรรณานุกรม
  กลับหน้าหลัก

Brief Record : Get Marc (ISO 2709) : E-mail record : QR code < ปิดหน้าต่าง
LEADER : 00000nam 2200000uu 4500
001    13399115089
003     ULIB
008    120709s2550||||th 000 0 tha d
020    ^a9789748817668
060 04 ^aWD210^bพ249ร 2550
100 0  ^aพรพิมล ศิริกุล
245 10 ^aลดน้ำหนักตามลักษณะรูปร่างผอมได้ใน 14 วัน /^cพรพิมล ศิริกุล
250    ^aพิมพ์ครั้งที่ 1
260    ^aกรุงเทพฯ :^bเอ็ม มีเดี่ย,^c2550
300    ^a227 หน้า :^bภาพประกอบ
650  7 ^aการลดความอ้วน
945    ^p169^l0^i24853
995    ^aกัณชพร
999    ^aใช้งานได้ทุกระบบ
รายการนี้ยังไม่มีแท็ก
คุณยังไม่ได้ล็อกอิน คุณสามารถมีกิจกรรมร่วมกับเว็บไซต์ได้ แต่ต้องล็อกอินก่อน ::
  ล็อกอิน

รายการสื่อสารสนเทศ

ลำดับที่ ประเภท เลขเรียก/บาร์โค้ด สถานที่ สถานะ
1. วิทยาศาสตร์การแพทย์ และสุขภาพ
วิทยาศาสตร์การแพทย์ และสุขภาพ
WD210 พ249ร 2550  
  Barcode: 24853
ห้องสมุดวิทยาเขตสวรรค์ประชารักษ์
►ส่วนจัดเก็บหนังสือเก่า สปร
บนชั้น
  ขอยืม

รายการใกล้เคียง
    ผู้แต่ง [พรพิมล ศิริกุล]

    หัวเรื่อง [การลดความอ้วน]

BibComment


ยังไม่เคยถูกคอมเมนท์

คอมเมนท์ทรัพยากรรายการนี้
  คอมเมนท์: ลดน้ำหนักตามลักษ..


 Copyright 2026. Bcnsprnw @Library